000 00614nam a2200229Ia 4500
003 OSt
005 20220918210146.0
006 a|||||r|||| 00| 0
007 ta
008 220917b |||||||| |||| 00| 0 eng d
024 _a119,367
037 _cTextual
040 _aARTS
_cARTS
_beng
041 _2eng
_aeng
082 _aV73:21y7M90, K2
100 _aAdams Sherman
_9117269
245 0 _aFirst hand report
_b the inside story of the Eisenhower administration
260 _c1962
650 _aHISTORY
942 _hV73:21y7M90, K2
_cTEXL
_2CC
999 _c242634
_d242634